zpět

Detail výsledku týmu

Rockle Klub, České Budějovice

Datum a čas kvízu

27.5 Celkem bodů Celkový počet nahraných bodů na tomto kvízu bez doplňovacích otázek.
8. Pořadí na kvízu Konečné umístění týmu na tomto kvízu.

Zaznamenané odpovědi

# Otázka Odpověď Body Výsledky
1. Před lety investoval 47letý mo... Láďa Hruška 0
2. Minulý týden se stalo virálním... v záchodové míse 1
3. Po tříleté pauze se na obrazov... Příběh služebnice 0
4. Minulý týden se Česko po 60 le... Transalpský ropovod (Transalpine Pipeline, TAL) 0
5. České hokejistky na domácím mi... USA 1
6. Tonga a Togo sice mají podobné... D 1
7. Dříve v Prusku, nyní v Rusku.... Kaliningrad 0
8. Který z těchto států má největ... A 0
9. Který jazyk je úředním na územ... angličtina; španělština 1
10. Ke kvízu patří i pivo, které s... Turnov; Trutnov 1